[Event "New Zealand Open Ch'p 2015"]
[Site "Devonport, Auckland"]
[Date "2015.01.07"]
[Round "7.4"]
[White "Howell, David W L"]
[Black "Van Riemsdijk, Herman C"]
[Result "1-0"]
[WhiteElo "2670"]
[BlackElo "2356"]
[PlyCount "41"]
[EventDate "2015.01.01"]
[EventType "swiss"]
[EventRounds "9"]
[SourceDate "2015.01.01"]

1. e4 d6 2. d4 Nf6 3. Nc3 g6 4. f4 Bg7 5. Nf3 c5 6. dxc5 Qa5 7. Qd4 O-O 8. Bd2
dxc5 9. Qg1 Nc6 10. e5 Nd7 11. h4 Rd8 12. O-O-O Nf8 13. Bc4 Nd4 14. h5 b5 15.
Nxd4 Rxd4 16. Nxb5 Qa4 17. Nxd4 Qxc4 18. Nc6 Ne6 19. Kb1 Kf8 20. Bc3 Qe4 21.
Qxc5 1-0

[Event "New Zealand Open Ch'p 2015"]
[Site "Devonport, Auckland"]
[Date "2015.01.07"]
[Round "7.5"]
[White "Rasmussen, Allan Stig"]
[Black "Steadman, Michael VR"]
[Result "1-0"]
[WhiteElo "2526"]
[BlackElo "2257"]
[PlyCount "57"]
[EventDate "2015.01.01"]
[EventType "swiss"]
[EventRounds "9"]
[SourceDate "2015.01.01"]

1. c4 Nf6 2. Nf3 e6 3. g3 b6 4. Bg2 Bb7 5. O-O Be7 6. b3 c5 7. Bb2 d6 8. Nc3
O-O 9. d4 a6 10. d5 exd5 11. Ne1 Nbd7 12. Nc2 b5 13. cxd5 Ne8 14. e4 Bf6 15.
Qd2 a5 16. Ne3 Ba6 17. Rfe1 Nb6 18. Rac1 g6 19. Ng4 Bg7 20. e5 h6 21. e6 Ra7
22. Nxh6+ Kh7 23. Nxf7 Raxf7 24. exf7 Rxf7 25. Ne4 Rf5 26. Bxg7 Nxg7 27. h4 Nc8
28. Ng5+ Kg8 29. Ne6 1-0

[Event "New Zealand Open Ch'p 2015"]
[Site "Devonport, Auckland"]
[Date "2015.01.07"]
[Round "7.6"]
[White "Dive, Russell J"]
[Black "Drummond, Matthew"]
[Result "1-0"]
[WhiteElo "2315"]
[BlackElo "2231"]
[PlyCount "57"]
[EventDate "2015.01.01"]
[EventType "swiss"]
[EventRounds "9"]
[SourceDate "2015.01.01"]

1. Nf3 Nf6 2. d4 c5 3. c4 cxd4 4. Nxd4 b6 5. f3 Bb7 6. e4 d6 7. Nc3 e6 8. Be2
Be7 9. O-O O-O 10. Kh1 Nbd7 11. Nc2 a6 12. b3 Rc8 13. Bb2 Qc7 14. Rc1 Kh8 15.
Qd2 Rg8 16. Ne3 Qb8 17. Bd3 Ne5 18. Bb1 g5 19. Ncd1 Rcd8 20. Nf2 Nh5 21. Qb4 f6
22. Qxb6 Nf4 23. b4 Nxf3 24. c5 dxc5 25. bxc5 Nd2 26. Rfd1 Nxb1 27. Rxb1 Qa8
28. Qc7 Bxe4 29. Nxe4 1-0

[Event "New Zealand Open Ch'p 2015"]
[Site "Devonport, Auckland"]
[Date "2015.01.07"]
[Round "7.7"]
[White "Ker, Anthony F"]
[Black "Zelesco, Karl"]
[Result "0-1"]
[WhiteElo "2302"]
[BlackElo "2210"]
[PlyCount "84"]
[EventDate "2015.01.01"]
[EventType "swiss"]
[EventRounds "9"]
[SourceDate "2015.01.01"]

1. e4 e6 2. d4 d5 3. e5 c5 4. c3 Nc6 5. Nf3 Qb6 6. a3 Nh6 7. b4 cxd4 8. cxd4
Nf5 9. Bb2 Bd7 10. g4 Nh6 11. Rg1 f6 12. b5 Na5 13. Nc3 Rc8 14. Na4 Qd8 15.
exf6 gxf6 16. g5 Nf7 17. gxf6 Nc4 18. Bxc4 Rxc4 19. Nc3 Qxf6 20. Qe2 Kd8 21.
Nd2 Rc7 22. Qf3 Qe7 23. Qh5 Bh6 24. Nf3 Rf8 25. Rg3 Bf4 26. Rg2 Nd6 27. Ne5
Bxb5 28. Nxb5 Nxb5 29. Qe2 Nd6 30. Kf1 Nc4 31. Nxc4 Rxc4 32. Re1 Rf6 33. Rg8+
Kd7 34. Qg4 Rc2 35. Rg7 Rxf2+ 36. Kg1 Bxh2+ 37. Kh1 Rf7 38. Rxf7 Qxf7 39. Bc1
Bd6 40. Be3 Rf1+ 41. Rxf1 Qxf1+ 42. Bg1 Qf5 0-1

[Event "New Zealand Open Ch'p 2015"]
[Site "Devonport, Auckland"]
[Date "2015.01.07"]
[Round "7.8"]
[White "Croad, Nicholas"]
[Black "Reilly, Tim"]
[Result "1/2-1/2"]
[WhiteElo "2254"]
[BlackElo "2238"]
[PlyCount "126"]
[EventDate "2015.01.01"]
[EventType "swiss"]
[EventRounds "9"]
[SourceDate "2015.01.01"]

1. d4 d6 2. c4 f5 3. Nc3 Nf6 4. h4 e6 5. Bg5 Be7 6. e3 O-O 7. Qc2 h6 8. Bxf6
Bxf6 9. Nf3 Nc6 10. O-O-O a5 11. a3 Bd7 12. d5 Ne7 13. dxe6 Bxe6 14. g3 Qe8 15.
Nd4 Bd7 16. Bg2 c6 17. Nde2 Be6 18. Rxd6 Nc8 19. Rd2 Bxc4 20. Ne4 Bxe2 21.
Nxf6+ Rxf6 22. Rxe2 Qe6 23. Rd1 Nb6 24. Red2 Qa2 25. Rd8+ Rf8 26. Rxa8 Rxa8 27.
Bf1 Rf8 28. Rd3 a4 29. Rd4 Rf6 30. Rb4 c5 31. Bc4+ Nxc4 32. Qxc4+ Qxc4+ 33.
Rxc4 Rc6 34. Rxa4 Kf7 35. Kc2 Ke6 36. Ra8 Kd5 37. Re8 b6 38. h5 g6 39. f4 Rf6
40. Re5+ Kd6 41. hxg6 Rxg6 42. Rxf5 Rxg3 43. e4 Rg6 44. a4 Kc6 45. e5 Kd5 46.
b3 Rg2+ 47. Kc3 Rg3+ 48. Kb2 Rg2+ 49. Ka3 Rg3 50. Rf6 c4 51. Rxb6 c3 52. Rxh6
Rg1 53. Rh2 Kc5 54. Ka2 Rd1 55. Rc2 Kb4 56. e6 Rd2 57. Kb1 Kxb3 58. Rxc3+ Kxc3
59. f5 Re2 60. a5 Re1+ 61. Ka2 Re2+ 62. Kb1 Re1+ 63. Ka2 Re2+ 1/2-1/2

[Event "New Zealand Open Ch'p 2015"]
[Site "Devonport, Auckland"]
[Date "2015.01.07"]
[Round "7.9"]
[White "Teh, Eu Wen Aron"]
[Black "Stojic, Dusan"]
[Result "1-0"]
[WhiteElo "2300"]
[BlackElo "2123"]
[PlyCount "53"]
[EventDate "2015.01.01"]
[EventType "swiss"]
[EventRounds "9"]
[SourceDate "2015.01.01"]

1. d4 Nf6 2. c4 g6 3. Nc3 d5 4. cxd5 Nxd5 5. e4 Nxc3 6. bxc3 Bg7 7. Nf3 c5 8.
Rb1 O-O 9. Be2 Nd7 10. O-O Nf6 11. Bd3 b6 12. Re1 e6 13. Bg5 Qc7 14. Qd2 Re8
15. Bf4 Qe7 16. d5 Nh5 17. Bg5 f6 18. Be3 e5 19. Bb5 Rf8 20. Bc6 Rb8 21. d6 Qd8
22. d7 Ba6 23. Red1 Kh8 24. Bxc5 Nf4 25. Bd6 Be2 26. Bb7 Bxd1 27. Rxd1 1-0

[Event "New Zealand Open Ch'p 2015"]
[Site "Devonport, Auckland"]
[Date "2015.01.07"]
[Round "7.10"]
[White "Smith, Robert W"]
[Black "Duneas, John"]
[Result "1/2-1/2"]
[WhiteElo "2233"]
[BlackElo "2054"]
[PlyCount "138"]
[EventDate "2015.01.01"]
[EventType "swiss"]
[EventRounds "9"]
[SourceDate "2015.01.01"]

1. e4 e6 2. d4 d5 3. Nc3 Nf6 4. Bg5 Be7 5. e5 Nfd7 6. Bxe7 Qxe7 7. f4 a6 8. Nf3
c5 9. dxc5 Nc6 10. Bd3 Nxc5 11. O-O Nxd3 12. cxd3 Qb4 13. Qd2 O-O 14. Rac1 f6
15. exf6 Rxf6 16. d4 Bd7 17. b3 Raf8 18. g3 Be8 19. Nb1 Qb6 20. Qe3 Bh5 21.
Nbd2 Qa5 22. Qc3 Qb5 23. a4 Qb6 24. Kg2 Bxf3+ 25. Nxf3 Rc8 26. Ne5 Qd8 27. Nxc6
Rxc6 28. Qe3 Rxc1 29. Rxc1 Qb6 30. Rc8+ Rf8 31. a5 Qd6 32. Qc3 Qd7 33. Rc7 Qb5
34. Qe3 Rf6 35. Rc8+ Kf7 36. Rc5 Qb4 37. Rc7+ Kg8 38. Qc3 Qb5 39. Rc8+ Rf8 40.
Qe3 Qd7 41. Rc2 Rc8 42. Re2 Rc6 43. Qe5 Rc3 44. h4 h6 45. h5 Rc6 46. g4 Qf7 47.
Re3 Qf6 48. Qxf6 gxf6 49. g5 fxg5 50. fxg5 hxg5 51. Rg3 Rc2+ 52. Kh3 Rd2 53.
Rxg5+ Kh7 54. Re5 Rxd4 55. Rxe6 Rd3+ 56. Kg4 Rxb3 57. Kg5 Rg3+ 58. Kf4 Rg2 59.
Re7+ Kh6 60. Rxb7 Kxh5 61. Rb6 Rg4+ 62. Ke3 Kg5 63. Rxa6 Kf5 64. Ra8 Ke5 65.
Re8+ Kd6 66. Rd8+ Kc5 67. Rc8+ Kb5 68. Rd8 Kxa5 69. Rxd5+ Kb6 1/2-1/2

[Event "New Zealand Open Ch'p 2015"]
[Site "Devonport, Auckland"]
[Date "2015.01.07"]
[Round "7.11"]
[White "Thornton, Giovanni A"]
[Black "Timergazi, Layla"]
[Result "1-0"]
[WhiteElo "2143"]
[BlackElo "1932"]
[PlyCount "77"]
[EventDate "2015.01.01"]
[EventType "swiss"]
[EventRounds "9"]
[SourceDate "2015.01.01"]

1. Nf3 d5 2. c4 c6 3. d4 Nf6 4. Nc3 e6 5. e3 Nbd7 6. Bd3 dxc4 7. Bxc4 b5 8. Bd3
a6 9. e4 c5 10. e5 Ng4 11. Ne4 cxd4 12. Bf4 Qa5+ 13. Kf1 Qb6 14. h3 Nh6 15. Rc1
Bb7 16. Qd2 Bd5 17. Bb1 Qb7 18. Ng3 Nc5 19. Bxh6 gxh6 20. Nh5 Nd7 21. Qxd4 Rc8
22. Rxc8+ Qxc8 23. Kg1 Bxf3 24. gxf3 Qc1+ 25. Kh2 Qg5 26. f4 Qxh5 27. Rd1 Qxd1
28. Qxd1 Bc5 29. Be4 Ke7 30. Bb7 a5 31. Qh5 Bxf2 32. Kg2 Bd4 33. Qh4+ f6 34.
Bc6 Rc8 35. Bxd7 Rc2+ 36. Kf1 Kxd7 37. Qxf6 Rxb2 38. Qf7+ Kd8 39. Qf8+ 1-0

[Event "New Zealand Open Ch'p 2015"]
[Site "Devonport, Auckland"]
[Date "2015.01.07"]
[Round "7.12"]
[White "Fuatai, Fuatai"]
[Black "Dowden, R Anthony"]
[Result "0-1"]
[WhiteElo "2004"]
[BlackElo "2108"]
[PlyCount "58"]
[EventDate "2015.01.01"]
[EventType "swiss"]
[EventRounds "9"]
[SourceDate "2015.01.01"]

1. e4 e6 2. d4 d5 3. exd5 exd5 4. Nf3 Nc6 5. Bd3 Bg4 6. c3 Bd6 7. O-O Nge7 8.
Re1 Qd7 9. Nbd2 O-O-O 10. b4 Ng6 11. a4 Nh4 12. Be2 Nxf3+ 13. Bxf3 h5 14. Nf1
Ne7 15. Ng3 Rdg8 16. Be2 Bxe2 17. Nxe2 h4 18. Bf4 g5 19. Bxd6 Qxd6 20. Nc1 g4
21. Nd3 g3 22. fxg3 hxg3 23. h3 Ng6 24. Ne5 Nf4 25. Qf3 Rh4 26. Ra2 Qf6 27. Rf1
Qf5 28. Ng4 Rgxg4 29. hxg4 Rh1+ 0-1

[Event "New Zealand Open Ch'p 2015"]
[Site "Devonport, Auckland"]
[Date "2015.01.07"]
[Round "7.13"]
[White "Eade, Don G"]
[Black "Lauterbach, Ingrid"]
[Result "0-1"]
[WhiteElo "1858"]
[BlackElo "2089"]
[PlyCount "90"]
[EventDate "2015.01.01"]
[EventType "swiss"]
[EventRounds "9"]
[SourceDate "2015.01.01"]

1. e4 c5 2. Nc3 Nc6 3. Bc4 g6 4. f4 Bg7 5. Nf3 d6 6. O-O e6 7. d3 Nge7 8. Be3
d5 9. Bb5 d4 10. Bxd4 cxd4 11. Ne2 O-O 12. Qd2 a6 13. Bc4 b5 14. Bb3 Na5 15. e5
Nf5 16. c3 dxc3 17. bxc3 Nxb3 18. axb3 Bb7 19. d4 Rc8 20. Rac1 Nh4 21. Nxh4
Qxh4 22. c4 f6 23. Qe3 fxe5 24. dxe5 bxc4 25. bxc4 Qe7 26. Qb6 Rc6 27. Qb3 Qc5+
28. Kh1 Rb6 29. Qc3 Rd8 30. h3 Bf8 31. Ng3 Qc6 32. Rc2 Bb4 33. Qe3 Bc5 34. Qe1
Rb3 35. Kh2 Qa4 36. Re2 Qxc4 37. Nh5 gxh5 38. Qh4 Rd7 39. Qg5+ Kf8 40. f5 Qxe2
41. Qf6+ Ke8 42. Qxe6+ Kd8 43. Qg8+ Kc7 44. Rc1 Qxe5+ 45. Kh1 Rxh3# 0-1

[Event "New Zealand Open Ch'p 2015"]
[Site "Devonport, Auckland"]
[Date "2015.01.07"]
[Round "7.14"]
[White "Zhu, Leo Lei"]
[Black "Schmitz, Andreas Arnold"]
[Result "0-1"]
[WhiteElo "1978"]
[BlackElo "2066"]
[PlyCount "146"]
[EventDate "2015.01.01"]
[EventType "swiss"]
[EventRounds "9"]
[SourceDate "2015.01.01"]

1. e4 e6 2. d4 d5 3. Nc3 Bb4 4. e5 c5 5. a3 Bxc3+ 6. bxc3 Qc7 7. Qg4 f5 8. Qg3
cxd4 9. cxd4 Qxc2 10. Bd2 Qe4+ 11. Ne2 Qg4 12. Qc3 Nc6 13. Nf4 Qh4 14. Bb5 Qd8
15. Bxc6+ bxc6 16. Qxc6+ Bd7 17. Qd6 Qb6 18. Bb4 Qxd6 19. Bxd6 g5 20. Ne2 Ne7
21. Nc3 Rc8 22. Kd2 Rc4 23. Ne2 Nc6 24. Bc5 a6 25. Rhb1 Rg8 26. Rb6 Nxe5 27.
Rxa6 Nc6 28. Rb1 e5 29. Nc3 Nxd4 30. Nxd5 Rc2+ 31. Kd3 Rxc5 32. Nf6+ Kf7 33.
Nxd7 Rd5 34. Nxe5+ Rxe5 35. Kxd4 Re4+ 36. Kd5 Rd8+ 37. Rd6 Rxd6+ 38. Kxd6 Re2
39. a4 Ra2 40. Ke5 Kg6 41. Rf1 Rxa4 42. Rb1 Re4+ 43. Kd5 Re2 44. Rf1 f4 45. Kd4
Kf5 46. Kd3 Ra2 47. h3 h5 48. g3 Rb2 49. Kc3 Re2 50. Kd3 Ra2 51. Kd4 Rd2+ 52.
Kc3 Rd8 53. Re1 Ra8 54. Kd4 Ra2 55. Rf1 f3 56. Kd3 g4 57. h4 Ke5 58. Re1+ Kd5
59. Ke3 Rb2 60. Rf1 Ke5 61. Kd3 Rb3+ 62. Kc2 Ra3 63. Kb2 Rd3 64. Kc2 Kd4 65.
Ra1 Rc3+ 66. Kd2 Rc5 67. Ra4+ Ke5 68. Kd3 Rd5+ 69. Ke3 Kf5 70. Rf4+ Kg6 71. Ke4
Rd2 72. Ke5 Re2+ 73. Kd4 Rxf2 0-1

[Event "New Zealand Open Ch'p 2015"]
[Site "Devonport, Auckland"]
[Date "2015.01.07"]
[Round "7.15"]
[White "Krstev, Antonio"]
[Black "Rains, Edward"]
[Result "1-0"]
[WhiteElo "2012"]
[BlackElo "1973"]
[PlyCount "95"]
[EventDate "2015.01.01"]
[EventType "swiss"]
[EventRounds "9"]
[SourceDate "2015.01.01"]

1. d4 Nf6 2. c4 g6 3. Nc3 d5 4. cxd5 Nxd5 5. e4 Nxc3 6. bxc3 Bg7 7. Bc4 c5 8.
Ne2 Nc6 9. Be3 O-O 10. O-O Na5 11. Bd3 b6 12. Rc1 e5 13. dxc5 bxc5 14. Bxc5 Bh6
15. Rb1 Re8 16. Bb5 Bg4 17. f3 Qc7 18. Bb4 Reb8 19. Qd6 Qxd6 20. Bxd6 Rd8 21.
Bc7 Rd2 22. Bxa5 Be6 23. Nc1 Rb8 24. Bc7 Rb7 25. Bxe5 a6 26. Bd3 Rxb1 27. Bxb1
Bc4 28. Re1 a5 29. Bd4 a4 30. g3 Rb2 31. Nd3 Rd2 32. Nb4 Be2 33. Kg2 Bc4+ 34.
Bf2 Bf8 35. Nc2 Bc5 36. Nd4 a3 37. f4 Bxa2 38. Bxa2 Rxa2 39. Kf3 Rb2 40. Be3 a2
41. Ra1 Rxh2 42. Bf2 f6 43. g4 Bd6 44. Ne2 g5 45. Bg3 Rh3 46. Kg2 Rh6 47. f5
Be5 48. Rxa2 1-0

[Event "New Zealand Open Ch'p 2015"]
[Site "Devonport, Auckland"]
[Date "2015.01.07"]
[Round "7.16"]
[White "Le Roy, Brice"]
[Black "Zhu, Karl Kai"]
[Result "1-0"]
[WhiteElo "2290"]
[BlackElo "1689"]
[PlyCount "65"]
[EventDate "2015.01.01"]
[EventType "swiss"]
[EventRounds "9"]
[SourceDate "2015.01.01"]

1. Nf3 d5 2. c4 e6 3. e3 Nf6 4. Nc3 Be7 5. Be2 O-O 6. O-O c6 7. Qc2 Nbd7 8. d4
Re8 9. Bd3 dxc4 10. Bxc4 Nd5 11. a3 Bf8 12. e4 Nxc3 13. bxc3 g6 14. Bg5 Qc7 15.
e5 Bg7 16. Qd2 b5 17. Bd3 Bb7 18. Rfe1 a6 19. Bh6 Bh8 20. Ng5 c5 21. h4 Bxe5
22. dxe5 Nxe5 23. Qe2 Nxd3 24. Qxd3 Qf4 25. g3 Qf5 26. Rad1 Qd5 27. Ne4 Kh8 28.
Qxd5 Bxd5 29. Nd6 Bf3 30. Rd3 Rad8 31. Nxf7+ Kg8 32. Nxd8 Bg4 33. Rd7 1-0

[Event "New Zealand Open Ch'p 2015"]
[Site "Devonport, Auckland"]
[Date "2015.01.07"]
[Round "7.17"]
[White "McLaren, Leonard J"]
[Black "Seabrook, Roy"]
[Result "1-0"]
[WhiteElo "2210"]
[BlackElo "1839"]
[PlyCount "61"]
[EventDate "2015.01.01"]
[EventType "swiss"]
[EventRounds "9"]
[SourceDate "2015.01.01"]

1. e4 e5 2. Nf3 Nc6 3. Nc3 Nf6 4. g3 Be7 5. Bg2 d6 6. O-O O-O 7. h3 h6 8. d4
Nh7 9. Nd5 f5 10. dxe5 dxe5 11. Nxe7+ Qxe7 12. Nh4 Rf6 13. Nxf5 Bxf5 14. exf5
Rxf5 15. Be3 Rd8 16. Qg4 Rf6 17. Rad1 Nf8 18. Qc4+ Kh8 19. Bc5 Qe6 20. Qxe6
Nxe6 21. Rxd8+ Nexd8 22. Rd1 Ne6 23. Be3 Ned4 24. c3 Nb5 25. a4 Nd6 26. Bxc6
bxc6 27. Bxa7 Kg8 28. a5 Kf7 29. a6 Nb5 30. Bc5 Re6 31. Rd8 1-0

[Event "New Zealand Open Ch'p 2015"]
[Site "Devonport, Auckland"]
[Date "2015.01.07"]
[Round "7.18"]
[White "Morrell, Gordon"]
[Black "Lee, Edward"]
[Result "1-0"]
[WhiteElo "2147"]
[BlackElo "2061"]
[PlyCount "71"]
[EventDate "2015.01.01"]
[EventType "swiss"]
[EventRounds "9"]
[SourceDate "2015.01.01"]

1. Nf3 Nf6 2. d4 g6 3. c4 Bg7 4. Nc3 d5 5. e3 O-O 6. Qb3 c6 7. h3 b6 8. a4 a5
9. Bd2 Ne4 10. cxd5 Nxc3 11. bxc3 cxd5 12. Rb1 Nc6 13. Bb5 Qd6 14. Bc1 Bf5 15.
Ba3 Qc7 16. Rc1 Be4 17. O-O Na7 18. Be2 Rad8 19. Nd2 Bf5 20. c4 dxc4 21. Nxc4
Rb8 22. Ne5 Qd8 23. Bc4 Bxe5 24. dxe5 e6 25. Bxf8 Kxf8 26. Qa3+ Kg7 27. Qd6
Qxd6 28. exd6 Rd8 29. Rfd1 Be4 30. Bb5 Bd5 31. d7 Kf6 32. Rd4 Nxb5 33. axb5
Rxd7 34. e4 Bc6 35. bxc6 Rxd4 36. c7 1-0

[Event "New Zealand Open Ch'p 2015"]
[Site "Devonport, Auckland"]
[Date "2015.01.07"]
[Round "7.19"]
[White "Macdonald, Paul"]
[Black "Zulfic, Fedja"]
[Result "1/2-1/2"]
[WhiteElo "1983"]
[BlackElo "2114"]
[PlyCount "81"]
[EventDate "2015.01.01"]
[EventType "swiss"]
[EventRounds "9"]
[SourceDate "2015.01.01"]

1. d4 Nf6 2. c4 g6 3. Nc3 d5 4. cxd5 Nxd5 5. Bd2 Nb6 6. e3 Bg7 7. f4 N8d7 8. a4
c6 9. a5 Nd5 10. e4 Nxc3 11. Bxc3 c5 12. d5 Nf6 13. Bc4 O-O 14. Qd3 Qd7 15. Ne2
Ne8 16. Bxg7 Nxg7 17. O-O Rb8 18. h3 b5 19. axb6 Rxb6 20. b3 e6 21. dxe6 Nxe6
22. Qxd7 Bxd7 23. Rxa7 Bb5 24. f5 Bxc4 25. bxc4 Ng5 26. Ng3 Re8 27. fxg6 Rxg6
28. Kh2 Nxe4 29. Nh5 f6 30. g4 Rd8 31. Rc7 f5 32. Rxf5 Ra6 33. Kg2 Ra3 34. Nf6+
Nxf6 35. Rxf6 Rd2+ 36. Rf2 Rdd3 37. Re2 Rg3+ 38. Kf2 Rgf3+ 39. Kg2 Rg3+ 40. Kf2
Rgf3+ 41. Kg2 1/2-1/2

[Event "New Zealand Open Ch'p 2015"]
[Site "Devonport, Auckland"]
[Date "2015.01.07"]
[Round "7.20"]
[White "McNabb, Matthew D"]
[Black "Tsagarakis, Angelo"]
[Result "1-0"]
[WhiteElo "2069"]
[BlackElo "1855"]
[PlyCount "113"]
[EventDate "2015.01.01"]
[EventType "swiss"]
[EventRounds "9"]
[SourceDate "2015.01.01"]

1. d4 Nf6 2. c4 g6 3. Nc3 Bg7 4. e4 d6 5. Nf3 O-O 6. Be2 Nbd7 7. Bg5 c6 8. Qd2
Qb6 9. O-O e5 10. c5 dxc5 11. dxe5 Ng4 12. Rad1 Ndxe5 13. Nxe5 Nxe5 14. Be7 Re8
15. Na4 Qb4 16. Qxb4 cxb4 17. Bxb4 Be6 18. b3 b6 19. h3 Red8 20. f4 c5 21. Bc3
Nc6 22. f5 Nd4 23. Bxd4 Bxd4+ 24. Rxd4 cxd4 25. fxe6 fxe6 26. Bc4 Re8 27. Rf6
Kg7 28. e5 Rad8 29. Nb2 Re7 30. Nd3 Rf8 31. Rf4 Rxf4 32. Nxf4 Kf7 33. h4 h6 34.
Kf2 g5 35. hxg5 hxg5 36. Nh3 Kg6 37. g4 Rc7 38. a4 Rc5 39. Ng1 a6 40. Nf3 b5
41. axb5 axb5 42. Bxe6 Rc2+ 43. Ke1 Rc3 44. Bd5 Re3+ 45. Kd2 Kg7 46. b4 Kg6 47.
e6 Kf6 48. Nxd4 Re5 49. Bc6 Ke7 50. Bxb5 Kd6 51. Bd7 Re4 52. Nf5+ Kc7 53. b5
Rxg4 54. b6+ Kd8 55. Kc3 Rf4 56. Nd4 Re4 57. Nc6# 1-0

[Event "New Zealand Open Ch'p 2015"]
[Site "Devonport, Auckland"]
[Date "2015.01.07"]
[Round "7.21"]
[White "Goodhue, Nathan"]
[Black "Maris, Robert"]
[Result "1-0"]
[WhiteElo "2020"]
[BlackElo "1895"]
[PlyCount "85"]
[EventDate "2015.01.01"]
[EventType "swiss"]
[EventRounds "9"]
[SourceDate "2015.01.01"]

1. f4 Nf6 2. b3 b6 3. d3 d5 4. g3 Bb7 5. Bg2 e6 6. e3 Bb4+ 7. Bd2 Qe7 8. Bxb4
Qxb4+ 9. c3 Qe7 10. Nf3 c5 11. O-O O-O 12. Nbd2 Nbd7 13. d4 Rac8 14. Qc1 Rc7
15. Qb2 Rfc8 16. Rac1 a5 17. a4 Ba6 18. Rfe1 h6 19. Bf1 Bxf1 20. Kxf1 Qd8 21.
Kg2 Rc6 22. Ne5 Nxe5 23. fxe5 Ne8 24. Nb1 f6 25. Qf2 Qe7 26. Qf4 fxe5 27. dxe5
g5 28. Qf3 Ng7 29. e4 Rf8 30. Qd3 dxe4 31. Qxe4 Rcc8 32. Nd2 Nf5 33. Nc4 Qc7
34. Rcd1 Rcd8 35. Kh3 Kg7 36. Kg2 h5 37. Nd6 Kh6 38. h4 Qe7 39. Nxf5+ Rxf5 40.
Qe3 Kg6 41. Qe4 Kh6 42. Rd6 gxh4 43. Qxf5 1-0

[Event "New Zealand Open Ch'p 2015"]
[Site "Devonport, Auckland"]
[Date "2015.01.07"]
[Round "7.22"]
[White "Ang, Alphaeus Wei Ern"]
[Black "Rains, Timothy"]
[Result "1-0"]
[WhiteElo "2009"]
[BlackElo "1814"]
[PlyCount "115"]
[EventDate "2015.01.01"]
[EventType "swiss"]
[EventRounds "9"]
[SourceDate "2015.01.01"]

1. d4 d5 2. c4 Nf6 3. cxd5 Nxd5 4. e4 Nb6 5. Nc3 g6 6. Be3 Bg7 7. Nf3 Nc6 8.
Be2 O-O 9. O-O Bg4 10. d5 Ne5 11. Nxe5 Bxe2 12. Nxf7 Bxd1 13. Nxd8 Raxd8 14.
Nxd1 a6 15. Rc1 Rc8 16. Bc5 Rfe8 17. b3 Nd7 18. Ba3 e6 19. Ne3 Nf6 20. dxe6
Nxe4 21. Nd5 c5 22. e7 Bd4 23. Rc2 Rc6 24. Re1 Rd6 25. Rxe4 Rxd5 26. Rd2 Kf7
27. Bxc5 Rxc5 28. Rexd4 Rxe7 29. g3 Rce5 30. Kg2 R5e6 31. Rd7 Kf6 32. Kf3 h6
33. Rxe7 Rxe7 34. Rd6+ Kg7 35. Rb6 Kf7 36. a4 Kg7 37. Kg4 Re4+ 38. f4 Re7 39.
h4 Rc7 40. h5 gxh5+ 41. Kxh5 Rc5+ 42. Kh4 Rc7 43. g4 a5 44. Kh5 Rc5+ 45. f5 Rc3
46. Rxb7+ Kf6 47. Rb6+ Kg7 48. Rg6+ Kf7 49. Rxh6 Rxb3 50. Ra6 Rh3+ 51. Kg5 Rf3
52. Rxa5 Ra3 53. Ra7+ Ke8 54. Kg6 Rg3 55. g5 Rg4 56. f6 Rf4 57. Kg7 Rf1 58. g6
1-0

[Event "New Zealand Open Ch'p 2015"]
[Site "Devonport, Auckland"]
[Date "2015.01.07"]
[Round "7.24"]
[White "Carpinter, Bernard A"]
[Black "Louie, Ryan"]
[Result "0-1"]
[WhiteElo "1873"]
[BlackElo "1927"]
[PlyCount "130"]
[EventDate "2015.01.01"]
[EventType "swiss"]
[EventRounds "9"]
[SourceDate "2015.01.01"]

1. Nf3 Nf6 2. c4 g6 3. g3 Bg7 4. Bg2 O-O 5. O-O Re8 6. d4 c5 7. Nc3 cxd4 8.
Nxd4 Nc6 9. h3 a6 10. Be3 Rb8 11. Qd2 Qa5 12. Rac1 Nxd4 13. Bxd4 d6 14. Rfd1
Be6 15. b3 Nd7 16. Bxg7 Kxg7 17. Nd5 Qxd2 18. Rxd2 Rbc8 19. Rdc2 a5 20. Nf4 b6
21. Nxe6+ fxe6 22. h4 Nc5 23. Bh3 Rb8 24. Rc3 e5 25. a3 Ra8 26. b4 Na4 27. R3c2
Ra7 28. e3 Kf6 29. Bf1 Rb8 30. Be2 Rc7 31. Bd1 axb4 32. axb4 b5 33. cxb5 Rxc2
34. Rxc2 Rxb5 35. Rc8 Rxb4 36. Bxa4 Rxa4 37. f3 Ra2 38. g4 e4 39. g5+ Ke6 40.
fxe4 Re2 41. Rh8 Rxe3 42. Rxh7 Rxe4 43. Kg2 Re3 44. Kf2 Rh3 45. Kg2 Re3 46. Kf2
Re5 47. Kf3 Rf5+ 48. Kg4 Rf7 49. Rh6 Rg7 50. h5 Kf7 51. hxg6+ Rxg6 52. Rh1 Re6
53. Kh5 Kg7 54. Rf1 Re2 55. Rf3 Re1 56. Rf2 d5 57. Rd2 e6 58. Ra2 Rh1+ 59. Kg4
d4 60. Kf4 Re1 61. Rd2 Kg6 62. Rd3 e5+ 63. Kg4 Rg1+ 64. Kf3 Kf5 65. Kf2 Rxg5
0-1

[Event "New Zealand Open Ch'p 2015"]
[Site "Devonport, Auckland"]
[Date "2015.01.07"]
[Round "7.25"]
[White "Bennett, Hilton P"]
[Black "Louie, Jared"]
[Result "0-1"]
[WhiteElo "2009"]
[BlackElo "1783"]
[PlyCount "68"]
[EventDate "2015.01.01"]
[EventType "swiss"]
[EventRounds "9"]
[SourceDate "2015.01.01"]

1. e4 c5 2. Nc3 Nc6 3. f4 d6 4. Nf3 g6 5. Bc4 Bg7 6. O-O e6 7. d3 h6 8. Qe1
Nge7 9. Kh1 a6 10. a4 Nb4 11. Bb3 Bd7 12. Qf2 Qc7 13. Be3 b6 14. Qe2 Nec6 15.
Nd1 Na5 16. f5 gxf5 17. exf5 Nxb3 18. cxb3 O-O-O 19. Bd2 Rde8 20. Bxb4 cxb4 21.
Qd2 a5 22. Rc1 Bc6 23. Ne3 Kb7 24. d4 Qe7 25. fxe6 fxe6 26. Rce1 Be4 27. Nc4 d5
28. Nce5 Bxe5 29. Nxe5 Ref8 30. Qe2 Rhg8 31. Rxf8 Qxf8 32. Rg1 Qf4 33. Qb5
Bxg2+ 34. Rxg2 Qc1+ 0-1

[Event "New Zealand Open Ch'p 2015"]
[Site "Devonport, Auckland"]
[Date "2015.01.07"]
[Round "7.26"]
[White "Jackson, L Ross"]
[Black "Vincenti, David"]
[Result "0-1"]
[WhiteElo "1927"]
[BlackElo "2106"]
[PlyCount "56"]
[EventDate "2015.01.01"]
[EventType "swiss"]
[EventRounds "9"]
[SourceDate "2015.01.01"]

1. d4 f5 2. c4 e6 3. Nc3 Nf6 4. g3 d5 5. Nf3 c6 6. Bg2 Bd6 7. b3 Ne4 8. Nxe4
fxe4 9. Ne5 Nd7 10. Nxd7 Bxd7 11. O-O O-O 12. f3 exf3 13. exf3 Qf6 14. f4 Be8
15. Be3 Bg6 16. Qd2 Bf5 17. Bf3 Qg6 18. Kh1 h5 19. Rf2 h4 20. gxh4 Qh7 21. h5
Rf6 22. c5 Bc7 23. Rg1 Raf8 24. Rg5 Be4 25. Rg4 Qxh5 26. Rxg7+ Kxg7 27. Rg2+
Rg6 28. Bxh5 Rxg2 0-1

[Event "New Zealand Open Ch'p 2015"]
[Site "Devonport, Auckland"]
[Date "2015.01.07"]
[Round "7.27"]
[White "Lim, Benjamin U"]
[Black "D'arcy, Michael"]
[Result "1-0"]
[WhiteElo "1996"]
[BlackElo "1916"]
[PlyCount "71"]
[EventDate "2015.01.01"]
[EventType "swiss"]
[EventRounds "9"]
[SourceDate "2015.01.01"]

1. e4 c5 2. Nf3 d6 3. d4 cxd4 4. Nxd4 Nf6 5. Nc3 a6 6. Bc4 e6 7. Bb3 Nbd7 8. f4
Nc5 9. f5 e5 10. Nf3 Nxb3 11. axb3 h6 12. O-O Bd7 13. Qe2 Be7 14. Rd1 Rc8 15.
Nd5 Nxd5 16. Rxd5 Bc6 17. Rd3 Qc7 18. Bd2 Ra8 19. Be1 b6 20. Bh4 Qb7 21. Re1 a5
22. Bxe7 Kxe7 23. Nh4 Bd7 24. Red1 Rac8 25. Rxd6 Rhd8 26. Qf2 Qxe4 27. f6+ gxf6
28. Qxf6+ Ke8 29. Qh8+ Ke7 30. Qf6+ Ke8 31. Rf1 Qh7 32. Qxe5+ Be6 33. Rxb6 Rxc2
34. Rxe6+ fxe6 35. Qxe6+ Qe7 36. Rf8+ 1-0

[Event "New Zealand Open Ch'p 2015"]
[Site "Devonport, Auckland"]
[Date "2015.01.07"]
[Round "7.28"]
[White "Yan, Caroline"]
[Black "Gunawan, Boy Reinhard"]
[Result "0-1"]
[WhiteElo "1557"]
[BlackElo "1980"]
[PlyCount "60"]
[EventDate "2015.01.01"]
[EventType "swiss"]
[EventRounds "9"]
[SourceDate "2015.01.01"]

1. d4 d5 2. c4 c6 3. Nc3 e6 4. Nf3 Nf6 5. Bf4 Be7 6. e3 Nbd7 7. cxd5 exd5 8. h3
Nf8 9. Bd3 Ng6 10. Bh2 Be6 11. Qb3 Qd7 12. Rc1 O-O 13. Na4 Ne4 14. Qd1 f5 15.
a3 f4 16. O-O Bxh3 17. exf4 Bxg2 18. Kxg2 Qg4+ 19. Kh1 Nxf4 20. Bxf4 Rxf4 21.
Nh2 Qh3 22. f3 Ng3+ 23. Kg1 Nxf1 24. Bxf1 Qg3+ 25. Kh1 Rh4 26. Qe2 Bd6 27. Rc2
Rf8 28. Nc5 Rxf3 29. Qe6+ Kh8 30. Qe8+ Rf8 0-1